[Event "RUS-Cup"]
[Site "Krasnodar"]
[Date "1998.??.??"]
[Round "1"]
[White "Volkov, Sergey"]
[Black "Baranov, Grigory"]
[Result "1-0"]
[WhiteElo "2545"]
[BlackElo "2280"]
[PlyCount "47"]
[EventDate "1998.??.??"]
[EventType "swiss"]
[EventRounds "9"]
[EventCountry "RUS"]
[SourceTitle "EXT 2000"]
[Source "ChessBase"]
[SourceDate "1999.11.16"]
[SourceVersion "1"]
[SourceVersionDate "1999.11.16"]
[SourceQuality "1"]

1. d4 e6 2. c4 d5 3. Nc3 c6 4. e3 f5 5. Bd3 Nf6 6. Nge2 Bd6 7. f3 Qc7 8. h3 Bg3+ 9. Nxg3 Qxg3+ 10. Kf1 0-0 11. Bd2 Ne4 12. Be1 Qg5 13. f4 Qe7 14. Nxe4 fxe4 15. Be2 b6 16. Rc1 Ba6 17. Kg1 Nd7 18. Qa4 Bb7 19. cxd5 exd5 20. Bb4 c5 21. Bg4 cxb4 22. Qxd7 Rf7 23. Rc7 Qxd7 24. Bxd7 1-0